01098nam a22001697a 450000500170000000800410001702000180005804000070007604100080008308200200009110000190011124500110013026000250014130000260016652007060019265000300089820230809101654.0230809b ||||| |||| 00| 0 eng d a9781447287629 cAL aeng 223a813.6bBALW aDavid Baldacci aWinner aUSAbPan Booksc2015 a565p.bPBc19.5x13cm. aShe is twenty, beautiful, dirt-poor, and hoping for a better life for her infant daughter when LuAnn Tyler is offered the gift of a lifetime, a $100 million lottery jackpot. All she has to do is change her identity and leave the U.S. forever.THE KILLER It's an offer she dares to refuse...until violence forces her hand and thrusts her into a harrowing game of high-stakes, big-money subterfuge. It's a price she won't fully pay...until she does the unthinkable and breaks the promise that made her rich.THE WINNER or if LuAnn Tyler comes home, she will be pitted against the deadliest contestant of all: the chameleonlike financial mastermind who changed her life. And who can take it away at will... 2FictionaAmerican Fiction